000 01048nam a2200313 a 4500
001 000031273
003 DO-SdBNP
005 20171009085722.0
007 000031273
008 090929s2009 dr a 000 p spa d
020 _a9789945131116
040 _aBPMSU
_bspa
_cBPMSU
082 0 4 _aRD861.44
_bM671, 2009
100 _aMir, Pedro
_d1913-2000
245 1 0 _aHay un país en el mundo y otros poemas de Pedro Mir /
_cprólogo Juan Bosch ; compilador Tomás Castro Burdiez.
250 _a2a ed.
260 _aSanto Domingo :
_bFundación para la Educación y el Arte,
_c2009.
300 _a125 p. ;
_c22 cm.
504 _aIncluye referencias bibliográficas y notas al pie de las páginas
600 1 4 _aMIR, PEDRO,
_d1913-2000
650 4 _aPOESÍA DOMINICANA
650 4 _aLITERATURA DOMINICANA
700 1 2 _aBosch, Juan,
_epról.
700 1 2 _aCastro Burdiez, Tomás,
_ccomp.
910 _aValidado. Control de calidad MFF
942 _2ddc
_cBK
945 _a Inventariado / 2017 VM
956 _aVMATEO
_b10
_c20150908
_lBPMSU
_h00151
999 _c7364
_d7364